It looks like you're offline.
Open Library logo
additional options menu

MARC record from Internet Archive

LEADER: 00611cam 2200217 a 4500
001 96007136 //r97
003 DLC
005 19970509173059.0
008 960221s1996 nyu 000 1 eng
010 $a 96007136 //r97
020 $a0060175257
040 $aDLC$cDLC$dOCoLC$dDLC$dOCoLC$dDLC
050 00 $aPS3552.A8586$bP75 1996
082 00 $a813/.54$220
100 1 $aBay, Austin.
245 10 $aPrism :$ba novel /$cAustin Bay.
260 $aNew York :$bHarperCollins,$c1996.
300 $a234 p. ;$c21 cm.
650 0 $aPsychic ability$xFiction.
650 0 $aAssassins$xFiction.
655 7 $aFantastic fiction.$2gsafd